Forgettable Things Quiz Stats

 Plays Quiz Updated Sep 5, 2019

Score 0/48 Timer 12:00
2 Plays Today
Quiz Thing % Correct
Countries of South AmericaGuyana
38.2%
Countries of South AmericaSuriname
37.7%
3 Letter Body PartsJaw
34.3%
U.S. StatesMissouri
32.8%
Countries of South AmericaEcuador
32.3%
Countries of EuropeLiechtenstein
31.3%
Countries of EuropeSan Marino
31.3%
U.S. StatesMinnesota
30.5%
U.S. StatesConnecticut
28.9%
3 Letter Body PartsRib
28.7%
Countries of EuropeKosovo
27.3%
Pixar FilmsA Bugs Life
25.5%
Seven Dirty WordsBosom
24.7%
3 Letter Body PartsGum
23.6%
U.S. PresidentsChester A. Arthur
23.5%
Countries of North AmericaSaint Vincent and the Grenadines
22.2%
U.S. PresidentsRutherford B. Hayes
21.9%
Countries of AfricaSao Tome and Principe
20.8%
Countries of the WorldSao Tome and Principe
20.7%
Countries of North AmericaAntigua and Barbuda
20.4%
Countries of North AmericaGrenada
20.1%
Countries of AsiaTimor-Leste
19.5%
U.S. PresidentsWarren G. Harding
19.4%
Countries of AsiaBrunei
19.1%
Quiz Thing % Correct
Pixar FilmsThe Incredibles
19.1%
Countries of the WorldNauru
18.3%
NFL TeamsLos Angeles Rams
18%
Countries of AfricaComoros
17.9%
Pixar FilmsRatatouille
17.6%
Countries of AfricaCabo Verde
17.5%
Countries of the WorldKiribati
16.5%
NFL TeamsKansas City Chiefs
16%
Countries of AsiaBahrain
15.1%
Seven Dirty WordsFellatio Aficionado
14.8%
Seven Dirty WordsPee Pee
14.3%
U.S. CapitalsJefferson City
13%
NFL TeamsTampa Bay Buccaneers
12.9%
U.S. CapitalsConcord
10%
U.S. CapitalsCharleston
8.4%
Periodic TableRoentgenium
2%
Periodic TableMeitnerium
1.8%
Periodic TableDysprosium
1.6%
Pokémon CharactersLickitung
1.4%
Pokémon CharactersExeggcute
1.3%
Pokémon CharactersExeggutor
1.3%
Commonest English WordsOnly
0.8%
Commonest English WordsEven
0.7%
Commonest English WordsOther
0.7%

You're not logged in!

Compare scores with friends on all Sporcle quizzes.
OR
Log In

Sporcle TV

Today on Sporcle TV


Watch our educational content, quiz creation guides, and fun videos on Sporcle TV.

Show Comments

Extras

Top Quizzes Today


Score Distribution

Your Account Isn't Verified!

In order to create a playlist on Sporcle, you need to verify the email address you used during registration. Go to your Sporcle Settings to finish the process.

Report this User

Report this user for behavior that violates our Community Guidelines.

Details: